Ungifted / (Record no. 2622)

MARC details
000 -LEADER
fixed length control field 01134nam a22003377a 4500
005 - DATE AND TIME OF LATEST TRANSACTION
control field 20240105121910.0
020 ## - INTERNATIONAL STANDARD BOOK NUMBER
International Standard Book Number 9781470326067
020 ## - INTERNATIONAL STANDARD BOOK NUMBER
International Standard Book Number 9780545631341
040 ## - CATALOGING SOURCE
Original cataloging agency RECBX
Language of cataloging eng
Transcribing agency RECBX
Modifying agency TXBXL
-- OCLCO
-- GL9
-- JP3
-- VP@
-- DLC
050 00 - LIBRARY OF CONGRESS CALL NUMBER
Classification number RZC 2663
082 ## - DEWEY DECIMAL CLASSIFICATION NUMBER
Classification number 813.54
100 1# - MAIN ENTRY--PERSONAL NAME
Personal name Korman, Gordon
245 10 - TITLE STATEMENT
Title Ungifted /
Statement of responsibility, etc. Gordon Korman
250 ## - EDITION STATEMENT
Edition statement First Scholastic printing, September 2013
260 ## - PUBLICATION, DISTRIBUTION, ETC.
Place of publication, distribution, etc. New York :
Name of publisher, distributor, etc. Scholastic,
Date of publication, distribution, etc. 2012
300 ## - PHYSICAL DESCRIPTION
Extent 280 pages :
Dimensions 20 cm
505 ## - FORMATTED CONTENTS NOTE
Formatted contents note L
520 ## - SUMMARY, ETC.
Summary, etc. Due to an administrative mix-up, troublemaker Donovan Curtis is sent to the Academy of Scholastic Distinction, a special program for gifted and talented students, after pulling a major prank at middle school.
521 1# - TARGET AUDIENCE NOTE
Target audience note 730
Source Lexile
521 1# - TARGET AUDIENCE NOTE
Target audience note L
Source Raz-Plus
650 #1 - SUBJECT ADDED ENTRY--TOPICAL TERM
Topical term or geographic name entry element Behavior
Form subdivision Fiction.
650 #1 - SUBJECT ADDED ENTRY--TOPICAL TERM
Topical term or geographic name entry element Middle schools
Form subdivision Fiction.
650 #1 - SUBJECT ADDED ENTRY--TOPICAL TERM
Topical term or geographic name entry element Schools
Form subdivision Fiction.
650 #1 - SUBJECT ADDED ENTRY--TOPICAL TERM
Topical term or geographic name entry element Gifted children
Form subdivision Fiction.
650 #1 - SUBJECT ADDED ENTRY--TOPICAL TERM
Topical term or geographic name entry element Robots
Form subdivision Fiction.
650 #1 - SUBJECT ADDED ENTRY--TOPICAL TERM
Topical term or geographic name entry element Robotics
Form subdivision Fiction.
655 #7 - INDEX TERM--GENRE/FORM
Genre/form data or focus term Humorous fiction.
Source of term gsafd
906 ## - LOCAL DATA ELEMENT F, LDF (RLIN)
a 7
b cbc
c copycat
d 2
e ncip
f 20
g y-soundrec
942 ## - ADDED ENTRY ELEMENTS (KOHA)
Source of classification or shelving scheme Dewey Decimal Classification
Koha item type Books
Suppress in OPAC No
999 ## -
-- 2622
-- 2622
Holdings
Withdrawn status Lost status Source of classification or shelving scheme Damaged status Not for loan Collection Home library Current library Shelving location Date acquired Total Checkouts Full call number Barcode Date last seen Date last checked out Copy number Price effective from Koha item type
    Dewey Decimal Classification     Juvenile Fiction Footprints International School Library Network Toul Kork Campus Footprints International School Library Network Toul Kork Campus   01/05/2024 2 KOR 813.54 RZC 2663 FISSE00491 06/05/2025 04/04/2025 1 01/05/2024 Books
    Dewey Decimal Classification     Fiction Footprints International School Library Network Toul Kork Campus Footprints International School Library Network Toul Kork Campus   01/05/2024   KOR 813.54 RZC 2663 2024-0341 03/15/2024   2 01/05/2024 Books